[Event "XXX Memorial Edoardo Crespi A"]
[Site "Milano ITA"]
[Date "2009.12.10"]
[Round "7"]
[White "Almonti, Alessandro"]
[Black "Iudicello, Giovanni"]
[Result "0-1"]
[WhiteElo "2066"]
[BlackElo "2179"]
[PlyCount "60"]
[EventDate "2009.12.05"]

1. c4 g6 2. Nc3 Bg7 3. e4 d6 4. g3 Nf6 5. Bg2 O-O 6. Nge2 e5 7. O-O Be6 8. d3
Qd7 9. Rb1 Bh3 10. b4 Nc6 11. Bg5 Bxg2 12. Kxg2 h6 13. Bxf6 Bxf6 14. Nd5 Bg7
15. b5 Nd8 16. f4 f5 17. exf5 gxf5 18. Qd2 Ne6 19. Rf3 c6 20. Ndc3 Rae8 21.
bxc6 bxc6 22. Rd1 Re7 23. Rdf1 Ref7 24. Rb1 Kh7 25. Rf2 Re7 26. Rbf1 Nd4 27.
Nxd4 exd4 28. Nd1 Rfe8 29. h3 Bf6 30. Rf3 Re2+ 0-1

[Event "XXX Memorial Edoardo Crespi A"]
[Site "Milano ITA"]
[Date "2009.12.10"]
[Round "7"]
[White "Bonade', Massimo"]
[Black "Agrifoglio, Fabio"]
[Result "1/2-1/2"]
[WhiteElo "2103"]
[BlackElo "2017"]
[PlyCount "134"]
[EventDate "2009.12.05"]

1. d4 d6 2. Nf3 g6 3. c4 Bg7 4. Nc3 Nc6 5. e4 Bg4 6. Be3 e5 7. d5 Nd4 8. Be2
Nxe2 9. Qxe2 b6 10. h3 Bd7 11. g4 h5 12. g5 Qc8 13. Qf1 Ne7 14. O-O-O a6 15.
Kb1 O-O 16. Rc1 c5 17. Nh4 b5 18. f4 exf4 19. Bxf4 Qd8 20. Qf3 bxc4 21. Qg3 Nc8
22. Nf3 Qb6 23. Nd2 Bb5 24. Rhe1 Re8 25. e5 dxe5 26. Bxe5 Bxe5 27. Rxe5 Nd6 28.
Nde4 Nf5 29. Rxf5 gxf5 30. Nf6+ Kg7 31. Nxe8+ Rxe8 32. Qf4 Bd7 33. Qxc4 Qd6 34.
Qh4 f4 35. a3 Qe5 36. Rf1 Kg6 37. Rxf4 Qxg5 38. Qf2 Bxh3 39. Ka2 Bf5 40. Ra4
Qf6 41. Qxc5 Re1 42. Qc4 Kg7 43. Rxa6 Qe5 44. Qh4 Bg6 45. Ra8 Re3 46. Qd8 Kh7
47. Qg8+ Kh6 48. Qh8+ Qxh8 49. Rxh8+ Kg5 50. a4 Re1 51. a5 h4 52. a6 Re7 53. b4
Bh5 54. d6 Ra7 55. b5 f5 56. d7 Rxd7 57. b6 Bf3 58. a7 Rd6 59. Na4 Bd5+ 60. Ka3
Rh6 61. a8=Q Bxa8 62. Rxa8 h3 63. b7 h2 64. b8=Q h1=Q 65. Qg3+ Kh5 66. Rg8 Qc1+
67. Ka2 Qc2+ 1/2-1/2

[Event "XXX Memorial Edoardo Crespi A"]
[Site "Milano ITA"]
[Date "2009.12.10"]
[Round "7"]
[White "Bonazzi, Edoardo"]
[Black "Ricci, Marco"]
[Result "1/2-1/2"]
[WhiteElo "2193"]
[BlackElo "2081"]
[PlyCount "56"]
[EventDate "2009.12.05"]

1. Nf3 Nf6 2. c4 g6 3. Nc3 Bg7 4. g3 d6 5. Bg2 e5 6. O-O Nc6 7. d3 O-O 8. Rb1
a5 9. a3 Re8 10. Bg5 h6 11. Bxf6 Qxf6 12. b4 axb4 13. axb4 Qd8 14. b5 Ne7 15.
Qb3 c6 16. Nd2 Be6 17. Ra1 Qd7 18. Rfe1 d5 19. cxd5 cxd5 20. Na4 Qd6 21. Rab1
Rec8 22. Rec1 f5 23. e3 Rc7 24. Rxc7 Qxc7 25. Qb4 Bf8 26. Qc5 Qa5 27. Qd6 Bf7
28. Nb3 Qxa4 1/2-1/2

[Event "XXX Memorial Edoardo Crespi A"]
[Site "Milano ITA"]
[Date "2009.12.10"]
[Round "7"]
[White "Brunello, Marina"]
[Black "Tomba, Ivan"]
[Result "1-0"]
[WhiteElo "2158"]
[BlackElo "2283"]
[PlyCount "69"]
[EventDate "2009.12.05"]

1. e4 e5 2. Nf3 Nc6 3. d4 exd4 4. Nxd4 Nf6 5. Nc3 Bb4 6. Nxc6 bxc6 7. Bd3 O-O
8. O-O d5 9. exd5 cxd5 10. Bg5 c6 11. Na4 h6 12. Bh4 Re8 13. c4 Bd6 14. cxd5
cxd5 15. Rc1 Rb8 16. b3 Bf4 17. Rc5 Be6 18. Bb5 Rf8 19. Bc6 g5 20. Bg3 Qd6 21.
Bb5 Bxg3 22. hxg3 Ne4 23. Rc6 Qa3 24. Bd3 Qxa2 25. Bxe4 dxe4 26. Qh5 Kg7 27.
Nc5 Rfe8 28. f4 exf3 29. Qxf3 Bxb3 30. Qc3+ Kh7 31. Rff6 Be6 32. Nxe6 Rb1+ 33.
Kh2 Rxe6 34. Rcxe6 fxe6 35. Qc7+ 1-0

[Event "XXX Memorial Edoardo Crespi A"]
[Site "Milano ITA"]
[Date "2009.12.10"]
[Round "7"]
[White "Cani, Gazmir"]
[Black "Garano, Nicola"]
[Result "1-0"]
[WhiteElo "1973"]
[BlackElo "2189"]
[PlyCount "95"]
[EventDate "2009.12.05"]

1. d4 Nf6 2. c4 g6 3. Nf3 Bg7 4. Nc3 d6 5. e4 O-O 6. Be2 e5 7. O-O Nc6 8. d5
Ne7 9. b4 Nh5 10. Re1 f5 11. Ng5 Nf6 12. Bf3 Kh8 13. a4 Ne8 14. Ba3 a5 15. bxa5
Rf6 16. Bb4 h6 17. Ne6 Bxe6 18. dxe6 Qc8 19. c5 Nc6 20. cxd6 cxd6 21. Nd5 Nxb4
22. Nxb4 Rxe6 23. Rc1 Qd7 24. exf5 gxf5 25. Bd5 Rxa5 26. Bxe6 Qxe6 27. Qc2 Rc5
28. Qa2 Qc8 29. Nd3 Rc3 30. Rxc3 Qxc3 31. Qe2 Nf6 32. Rc1 Qd4 33. Qc2 Kh7 34.
Ne1 e4 35. Rd1 Qb4 36. Rb1 Qa5 37. Qc8 b6 38. Nc2 f4 39. Nd4 Qxa4 40. Qf5+ Kh8
41. Ne6 Qa2 42. Rc1 e3 43. fxe3 fxe3 44. Nf4 Qa4 45. Ng6+ Kh7 46. Ne7+ Kh8 47.
Qg6 Ne8 48. Qf7 1-0

[Event "XXX Memorial Edoardo Crespi A"]
[Site "Milano ITA"]
[Date "2009.12.10"]
[Round "7"]
[White "Cazzaniga, Walter"]
[Black "Brunello, Roberta"]
[Result "0-1"]
[WhiteElo "2139"]
[BlackElo "2016"]
[PlyCount "64"]
[EventDate "2009.12.05"]

1. d4 d5 2. c4 e6 3. Nc3 Nf6 4. Bg5 Nbd7 5. cxd5 exd5 6. e3 Be7 7. Nf3 O-O 8.
Qc2 Re8 9. Bd3 c6 10. O-O-O Nf8 11. h3 Be6 12. Kb1 Rc8 13. g4 c5 14. Rc1 c4 15.
Bf5 Qa5 16. h4 b5 17. Bxe6 fxe6 18. Bxf6 Bxf6 19. g5 Be7 20. Ne5 b4 21. Qa4 Qb6
22. Ne2 Red8 23. Rh3 Rd6 24. Rf3 Qd8 25. Rf7 Nd7 26. Nf4 Nxe5 27. dxe5 Rdc6 28.
g6 hxg6 29. Qc2 Kxf7 30. Qxg6+ Kg8 31. Nh3 Qf8 32. Rg1 Qf5+ 0-1

[Event "XXX Memorial Edoardo Crespi A"]
[Site "Milano ITA"]
[Date "2009.12.10"]
[Round "7"]
[White "Damia, Angelo"]
[Black "Zanetti, Alberto"]
[Result "1-0"]
[WhiteElo "2338"]
[BlackElo "2180"]
[PlyCount "65"]
[EventDate "2009.12.05"]

1. d4 g6 2. e4 Bg7 3. Nc3 c6 4. Bc4 b5 5. Bb3 a5 6. a3 e6 7. e5 d5 8. exd6 Qxd6
9. Ne4 Qe7 10. Bg5 f6 11. Bf4 Na6 12. Qf3 Nc7 13. Nd6+ Kd7 14. O-O-O Bh6 15.
Bxh6 Nxh6 16. Ne4 Nd5 17. Bxd5 cxd5 18. Nxf6+ Kd8 19. Nxd5 Qg5+ 20. Ne3 Ra7 21.
h4 Qe7 22. d5 e5 23. d6 Qe6 24. Nh3 Nf5 25. Nxf5 gxf5 26. Qe3 Rb7 27. Ng5 Qf6
28. Rd5 Re8 29. Rhd1 h6 30. Nf3 f4 31. Qc5 e4 32. Ne5 Be6 33. d7 1-0

[Event "XXX Memorial Edoardo Crespi A"]
[Site "Milano ITA"]
[Date "2009.12.10"]
[Round "7"]
[White "Drazic, Sinisa"]
[Black "Lazic, Miroljub"]
[Result "1/2-1/2"]
[WhiteElo "2519"]
[BlackElo "2454"]
[PlyCount "33"]
[EventDate "2009.12.05"]

1. c4 Nf6 2. Nc3 g6 3. e4 d6 4. d4 Bg7 5. f4 O-O 6. Nf3 c5 7. dxc5 Qa5 8. Bd3
Qxc5 9. Qe2 Bg4 10. Be3 Qa5 11. O-O Nc6 12. h3 Bxf3 13. Qxf3 Rac8 14. a3 Qc7
15. Rac1 b6 16. Rfd1 Qb8 17. b4 1/2-1/2

[Event "XXX Memorial Edoardo Crespi A"]
[Site "Milano ITA"]
[Date "2009.12.10"]
[Round "7"]
[White "Farago, Ivan"]
[Black "Genocchio, Daniele"]
[Result "1-0"]
[WhiteElo "2497"]
[BlackElo "2464"]
[PlyCount "95"]
[EventDate "2009.12.05"]

1. d4 Nf6 2. c4 e6 3. Nf3 c5 4. d5 b5 5. Bg5 exd5 6. cxd5 d6 7. e4 a6 8. Nfd2
Be7 9. Bf4 O-O 10. a4 Re8 11. axb5 Nxe4 12. Nxe4 Bg5 13. Bxg5 Qxg5 14. Nbc3 f5
15. h4 Qf6 16. Qh5 Qf8 17. Qf3 Qe7 18. Be2 fxe4 19. Qg3 Bb7 20. O-O axb5 21.
Rxa8 Bxa8 22. Bxb5 Nd7 23. Re1 Rd8 24. Rxe4 Qf8 25. Bxd7 Rxd7 26. Qe3 Rd8 27.
Re7 h6 28. Qe6+ Kh8 29. Rf7 Qg8 30. Rc7 Qf8 31. Rf7 Qg8 32. Kh2 Re8 33. Qg6 Rf8
34. Rf5 Bb7 35. Kg3 Rxf5 36. Qxf5 Qa8 37. Qe6 Qa6 38. f3 Qf1 39. Qe7 Qa6 40.
Qf8+ Kh7 41. Ne4 Qb6 42. Nxd6 Qxb2 43. Nxb7 Qxb7 44. Qxc5 Qd7 45. d6 Qe6 46.
Qd4 Qd7 47. Qe5 Qf7 48. Qe7 1-0

[Event "XXX Memorial Edoardo Crespi A"]
[Site "Milano ITA"]
[Date "2009.12.10"]
[Round "7"]
[White "Foisor, Ovidiu-Doru"]
[Black "Sbarra, Marco"]
[Result "1/2-1/2"]
[WhiteElo "2420"]
[BlackElo "2256"]
[PlyCount "56"]
[EventDate "2009.12.05"]

1. c4 e6 2. Nf3 d5 3. g3 c5 4. cxd5 exd5 5. d4 Nc6 6. Bg2 Nf6 7. O-O Be7 8. Nc3
O-O 9. dxc5 Bxc5 10. Bg5 Be6 11. Bxf6 Qxf6 12. Nxd5 Qxb2 13. Nc7 Rad8 14. Qc1
Qxc1 15. Raxc1 b6 16. Nxe6 fxe6 17. e3 h6 18. Rc4 Rd6 19. Re4 Kf7 20. h4 Re8
21. h5 Rd3 22. a4 Red8 23. Rf4+ Kg8 24. Bh3 R8d6 25. Re4 Kf7 26. Rf4+ Kg8 27.
Re4 Kf7 28. Rf4+ Kg8 1/2-1/2

[Event "XXX Memorial Edoardo Crespi A"]
[Site "Milano ITA"]
[Date "2009.12.10"]
[Round "7"]
[White "Gagliardi, Christian"]
[Black "Rota, Simone"]
[Result "1/2-1/2"]
[WhiteElo "2244"]
[BlackElo "1992"]
[PlyCount "46"]
[EventDate "2009.12.05"]

1. e4 c5 2. Nf3 d6 3. d4 cxd4 4. Nxd4 Nf6 5. Nc3 e6 6. Be2 Be7 7. O-O O-O 8.
Kh1 a6 9. a4 Qc7 10. Be3 Nc6 11. f4 Bd7 12. Nb3 Na5 13. Nxa5 Qxa5 14. Qd2 Qc7
15. a5 Bc6 16. Bf3 Nd7 17. Rfd1 b6 18. axb6 Nxb6 19. Qe2 Bb7 20. Na4 Nxa4 21.
Rxa4 Rfc8 22. c3 a5 23. Qf2 Bc6 1/2-1/2

[Event "XXX Memorial Edoardo Crespi A"]
[Site "Milano ITA"]
[Date "2009.12.10"]
[Round "7"]
[White "Gamboa, Miguel"]
[Black "Tonel, Giulia"]
[Result "1/2-1/2"]
[WhiteElo "2175"]
[BlackElo "1967"]
[PlyCount "91"]
[EventDate "2009.12.05"]

1. d4 Nf6 2. c4 g6 3. Nc3 Bg7 4. e4 d6 5. Nf3 O-O 6. Be2 e5 7. O-O Nc6 8. d5
Ne7 9. Ne1 Ne8 10. Nd3 f5 11. f3 f4 12. Bd2 g5 13. c5 Ng6 14. Rc1 Rf7 15. cxd6
cxd6 16. Nf2 h5 17. Qb3 Bf8 18. Rc2 Nh4 19. h3 Rg7 20. Rfc1 a6 21. Ncd1 Nf6 22.
Be1 g4 23. fxg4 hxg4 24. Bxg4 Bxg4 25. hxg4 Rh7 26. g5 Ne8 27. Nh3 Qd7 28. Bxh4
Rxh4 29. Ndf2 Be7 30. Qf3 Bd8 31. b3 Bb6 32. Rc4 a5 33. a3 Bc5 34. Rxc5 dxc5
35. Rxc5 Nd6 36. Qc3 Re8 37. Qxa5 Re7 38. Qc3 Nb5 39. Qb4 Nd4 40. Qb6 f3 41.
Ra5 Rg7 42. Ra8+ Kh7 43. Qd8 Ne2+ 44. Kh1 Ng3+ 45. Kg1 Ne2+ 46. Kf1 1/2-1/2

[Event "XXX Memorial Edoardo Crespi A"]
[Site "Milano ITA"]
[Date "2009.12.10"]
[Round "7"]
[White "Gori, Andrea"]
[Black "Salmoiraghi, Angelo"]
[Result "1-0"]
[WhiteElo "2182"]
[BlackElo "2150"]
[PlyCount "229"]
[EventDate "2009.12.05"]

1. e4 c5 2. Nf3 d6 3. d4 cxd4 4. Nxd4 Nf6 5. f3 e5 6. Nb3 Be7 7. Bb5+ Nbd7 8.
Nc3 a6 9. Bxd7+ Bxd7 10. Be3 b5 11. O-O Be6 12. Qd2 O-O 13. Rf2 Qc7 14. Nd5
Bxd5 15. exd5 a5 16. Rd1 Rfc8 17. a3 Nd7 18. g3 Bf6 19. Bg5 Bxg5 20. Qxg5 Nf6
21. Qd2 Qb6 22. Kg2 Rc4 23. Re2 a4 24. Nc1 Rd4 25. Qe1 Nxd5 26. Nd3 Nf6 27. c3
Rc4 28. Nb4 Re8 29. Nd5 Nxd5 30. Rxd5 h6 31. Red2 Re6 32. Qd1 Rc6 33. h4 Qb8
34. Qe2 Rb6 35. Qd3 g6 36. Re2 Kg7 37. Re4 f5 38. Rb4 Qe8 39. Rbxb5 Rxb5 40.
Qxb5 Qf7 41. Qxa4 g5 42. hxg5 hxg5 43. Qb4 Qf6 44. a4 Kg6 45. a5 e4 46. Qd4
exf3+ 47. Kxf3 Qe7 48. Qd3 g4+ 49. Kf2 Rf6 50. a6 Qc7 51. b4 Qh7 52. Kg1 Qe7
53. Kf2 Qh7 54. Kg2 Qd7 55. b5 Kg7 56. Qd4 Qe8 57. Kf2 Qh5 58. Kg1 Qe8 59. Kf2
Qh5 60. Kg1 Qe8 61. Qd2 Re6 62. Rxf5 Re1+ 63. Kf2 Rh1 64. Qd4+ Kh7 65. Kg2 Re1
66. Qxg4 Re2+ 67. Kh3 Re6 68. Rh5+ Rh6 69. Qf5+ Kg7 70. Rxh6 Kxh6 71. a7 Qa8
72. Qf6+ Kh7 73. Kh4 Qh1+ 74. Kg5 Qg2 75. Qxd6 Qb7 76. Qc5 Qg7+ 77. Kf4 Qh6+
78. Qg5 Qd6+ 79. Qe5 Qd2+ 80. Ke4 Qe2+ 81. Kd4 Qf2+ 82. Kd3 Qxa7 83. Qe4+ Kg8
84. Qd5+ Kh7 85. Qc6 Qa1 86. Qc7+ Kg6 87. b6 Qd1+ 88. Kc4 Kf5 89. Qh7+ Ke5 90.
Qe7+ Kf5 91. Qe3 Qa4+ 92. Kd5 Qd7+ 93. Kc5 Qc8+ 94. Kb4 Qb7 95. Qf4+ Ke6 96.
Qc4+ Kf5 97. g4+ Kg5 98. Qd4 Qa8 99. c4 Qa2 100. Kb5 Qb3+ 101. Ka6 Kg6 102. Qd5
Qa3+ 103. Kb5 Kf6 104. Qf5+ Kg7 105. Qe5+ Kf7 106. Kc6 Qb4 107. Qf5+ Kg7 108.
c5 Qc3 109. g5 Qa5 110. b7 Qa6+ 111. Kc7 Qa5+ 112. Kc8 Qe1 113. b8=Q Qe8+ 114.
Kc7 Qc6+ 115. Kd8 1-0

[Event "XXX Memorial Edoardo Crespi A"]
[Site "Milano ITA"]
[Date "2009.12.10"]
[Round "7"]
[White "Magrini, Fabrizio"]
[Black "Borin, Fabio"]
[Result "1-0"]
[WhiteElo "2146"]
[BlackElo "2104"]
[PlyCount "53"]
[EventDate "2009.12.05"]

1. e4 c5 2. Nf3 d6 3. d4 cxd4 4. Nxd4 Nf6 5. Nc3 g6 6. Be3 Bg7 7. f3 Nc6 8. Qd2
Bd7 9. Bc4 O-O 10. O-O-O Na5 11. Bb3 Nxb3+ 12. cxb3 Qa5 13. Kb1 Rfc8 14. Bh6
Qc5 15. h4 Bc6 16. h5 Qe5 17. hxg6 fxg6 18. Bxg7 Kxg7 19. Qh6+ Kf7 20. f4 Qc5
21. e5 dxe5 22. fxe5 Qxe5 23. Rhe1 Qh5 24. Rxe7+ Kxe7 25. Qg7+ Ke8 26. Re1+
Be4+ 27. Nxe4 1-0

[Event "XXX Memorial Edoardo Crespi A"]
[Site "Milano ITA"]
[Date "2009.12.10"]
[Round "7"]
[White "Malaniuk, Vladimir P."]
[Black "Shishkin, Vadim"]
[Result "1/2-1/2"]
[WhiteElo "2573"]
[BlackElo "2515"]
[PlyCount "40"]
[EventDate "2009.12.05"]

1. d4 d5 2. c4 c6 3. Nf3 Nf6 4. e3 Bg4 5. Nc3 e6 6. h3 Bxf3 7. Qxf3 Nbd7 8. Bd3
Bb4 9. O-O O-O 10. Qd1 c5 11. cxd5 exd5 12. Qf3 Nb6 13. dxc5 Bxc5 14. e4 Bd4
15. Bg5 h6 16. Bh4 g5 17. Bg3 Bxc3 18. bxc3 dxe4 19. Bxe4 Nxe4 20. Qxe4 Qd5
1/2-1/2

[Event "XXX Memorial Edoardo Crespi A"]
[Site "Milano ITA"]
[Date "2009.12.10"]
[Round "7"]
[White "Massironi, Marco"]
[Black "Battistella, Stefano"]
[Result "1/2-1/2"]
[WhiteElo "2149"]
[BlackElo "2114"]
[PlyCount "99"]
[EventDate "2009.12.05"]

1. e4 c5 2. Nf3 Nc6 3. d4 cxd4 4. Nxd4 e5 5. Nb5 d6 6. N1c3 a6 7. Na3 Be6 8.
Nc4 b5 9. Ne3 Nf6 10. Bd3 g6 11. O-O Bg7 12. a4 b4 13. Ncd5 O-O 14. Bd2 a5 15.
c3 bxc3 16. Bxc3 Rb8 17. Nxf6+ Bxf6 18. Bc4 Nb4 19. Nd5 Bxd5 20. Bxd5 Qb6 21.
Rc1 Bg5 22. Rb1 Qc5 23. Bxb4 Rxb4 24. b3 Rd4 25. Qf3 Kg7 26. h4 Bh6 27. Rbd1 f5
28. Rxd4 Qxd4 29. Qd1 fxe4 30. Qxd4 exd4 31. Bxe4 Rf4 32. Bf3 d3 33. Rd1 d2 34.
g4 Rxf3 35. g5 Rxb3 36. Rxd2 Bxg5 37. hxg5 Rb4 38. Rxd6 Rg4+ 39. Kf1 Rxg5 40.
Rd7+ Kh6 41. Ra7 Rf5 42. Kg2 g5 43. Kg3 Kg6 44. Ra6+ Kh5 45. Ra7 h6 46. Ra6 Rc5
47. Kg2 g4 48. f3 gxf3+ 49. Kxf3 Rg5 50. Kf2 1/2-1/2

[Event "XXX Memorial Edoardo Crespi A"]
[Site "Milano ITA"]
[Date "2009.12.10"]
[Round "7"]
[White "Naumkin, Igor"]
[Black "Abasov, Nijat Azad Oglu"]
[Result "0-1"]
[WhiteElo "2463"]
[BlackElo "2510"]
[PlyCount "58"]
[EventDate "2009.12.05"]

1. d4 f5 2. Nf3 Nf6 3. g3 g6 4. Bg2 Bg7 5. c4 O-O 6. Nc3 d6 7. d5 Na6 8. Be3
Qe8 9. O-O h6 10. Qc2 g5 11. Rad1 Bd7 12. Bd4 c5 13. Bxf6 Bxf6 14. e3 Qh5 15.
a3 f4 16. exf4 gxf4 17. Nd2 Bd4 18. Nce4 Rf7 19. b4 Raf8 20. bxc5 Nxc5 21. Rde1
fxg3 22. hxg3 Bf5 23. Qd1 Bg4 24. Qc2 Bf5 25. Qd1 Bg4 26. Qb1 Be2 27. Rxe2 Qxe2
28. Nxc5 Bxf2+ 29. Kh2 Rf5 0-1

[Event "XXX Memorial Edoardo Crespi A"]
[Site "Milano ITA"]
[Date "2009.12.10"]
[Round "7"]
[White "Ocantos, Manuel"]
[Black "Astengo, Corrado"]
[Result "1/2-1/2"]
[WhiteElo "2161"]
[BlackElo "2110"]
[PlyCount "153"]
[EventDate "2009.12.05"]

1. d4 d5 2. c4 e6 3. Nf3 c6 4. cxd5 exd5 5. Nc3 Bf5 6. Bg5 Qb6 7. Qd2 h6 8. Bh4
Nd7 9. e3 Ngf6 10. a3 Bd6 11. Bg3 Bxg3 12. hxg3 Ne4 13. Qc1 O-O 14. Be2 Rfe8
15. O-O Rac8 16. b4 Nxc3 17. Qxc3 Nf6 18. Nd2 Qd8 19. a4 Qd7 20. Qb3 Bg4 21.
Bd3 Bf5 22. Rfc1 Bxd3 23. Qxd3 a6 24. Rc2 Qd6 25. Rb1 Rc7 26. Qf5 Rec8 27. b5
axb5 28. axb5 cxb5 29. Qxc8+ Rxc8 30. Rxc8+ Kh7 31. Rc5 b4 32. Rb5 Qc6 33.
R5xb4 Qc2 34. R4b2 Qc3 35. Nf3 Ne4 36. Rxb7 f6 37. Rf1 Qc6 38. Ra7 Qb6 39. Rfa1
Qb2 40. R7a2 Qb5 41. Nh4 Qd3 42. g4 h5 43. gxh5 Nc3 44. Ra8 Nb1 45. Nf3 Nc3 46.
g3 Qe2 47. Nh4 Ne4 48. R8a2 Qxh5 49. Kg2 Qg4 50. Rh1 Kg8 51. Nf3 Qc8 52. Rha1
Kh7 53. Ra8 Qc2 54. R1a2 Qb1 55. R8a7 Nc3 56. Ra1 Qb2 57. Rh1+ Kg8 58. Nh4 Qc2
59. Rc7 Qe4+ 60. Nf3 Qd3 61. Ra1 Nd1 62. Rcc1 Nxe3+ 63. fxe3 Qe2+ 64. Kh3 Qxf3
65. Re1 f5 66. Ra2 Kh7 67. Kh2 Kh6 68. Rg2 Kg6 69. Ree2 Qg4 70. Rgf2 Qh5+ 71.
Kg2 Qg4 72. Re1 Qe4+ 73. Kh2 Kf6 74. Ref1 g6 75. Re1 Kg7 76. Rg2 Qf3 77. Ree2
1/2-1/2

[Event "XXX Memorial Edoardo Crespi A"]
[Site "Milano ITA"]
[Date "2009.12.10"]
[Round "7"]
[White "Pace, Pietro Dario"]
[Black "Piscopo, Pierluigi"]
[Result "1/2-1/2"]
[WhiteElo "2204"]
[BlackElo "2429"]
[PlyCount "60"]
[EventDate "2009.12.05"]

1. e4 c5 2. Nf3 Nc6 3. d4 cxd4 4. Nxd4 Nf6 5. Nc3 e5 6. Ndb5 d6 7. Bg5 a6 8.
Na3 b5 9. Nd5 Be7 10. Bxf6 Bxf6 11. c4 b4 12. Nc2 a5 13. g3 O-O 14. h4 Rb8 15.
b3 Be6 16. Bh3 Be7 17. Kf1 Qd7 18. Bxe6 fxe6 19. Nxe7+ Qxe7 20. Kg2 Qf7 21. Rf1
Rbd8 22. a3 d5 23. cxd5 exd5 24. exd5 Rxd5 25. Qe2 Rc5 26. axb4 axb4 27. Qe4
Qxb3 28. Ne3 Qb2 29. Rad1 Nd4 30. Nc4 Qa2 1/2-1/2

[Event "XXX Memorial Edoardo Crespi A"]
[Site "Milano ITA"]
[Date "2009.12.10"]
[Round "7"]
[White "Pienabarca, Nicola"]
[Black "Loehnhardt, Benjamin"]
[Result "1/2-1/2"]
[WhiteElo "2071"]
[BlackElo "2076"]
[PlyCount "100"]
[EventDate "2009.12.05"]

1. d4 e6 2. Nf3 b6 3. g3 Bb7 4. Bg2 f5 5. O-O Nf6 6. c4 g6 7. d5 Qc8 8. Nc3 Bg7
9. Bf4 O-O 10. Nb5 Na6 11. dxe6 d6 12. Qc1 Re8 13. Re1 Nc5 14. Bh6 Bh8 15. Nbd4
Nxe6 16. Nxe6 Rxe6 17. c5 bxc5 18. Ng5 Bxg2 19. Nxe6 Bd5 20. Nf4 Bf7 21. Ng2
Rb8 22. Bd2 Ne4 23. Bc3 Nxc3 24. bxc3 Bd5 25. Qd2 Be4 26. f3 Bc6 27. Rab1 Rb6
28. Rxb6 axb6 29. Nf4 Qa8 30. Qc2 Be8 31. e4 fxe4 32. Rxe4 Bf7 33. c4 Bf6 34.
Kg2 Be5 35. Qd2 c6 36. Nh3 Bd4 37. Qe2 d5 38. Re7 Bf6 39. cxd5 Bxe7 40. Qxe7
Qxa2+ 41. Nf2 Qxd5 42. Ne4 Qa2+ 43. Kg1 Qa1+ 44. Kg2 Kg7 45. Nd6 Qa2+ 46. Kg1
Qe6 47. Ne8+ Kg8 48. Nf6+ Kg7 49. Ne8+ Kg8 50. Nf6+ Kg7 1/2-1/2

[Event "XXX Memorial Edoardo Crespi A"]
[Site "Milano ITA"]
[Date "2009.12.10"]
[Round "7"]
[White "Profumo, Alberto"]
[Black "Crippa, Gabriele"]
[Result "0-1"]
[WhiteElo "2223"]
[BlackElo "2092"]
[PlyCount "124"]
[EventDate "2009.12.05"]

1. Nf3 d6 2. d4 Nd7 3. e4 e5 4. Bc4 c6 5. dxe5 dxe5 6. Ng5 Nh6 7. Qh5 Qf6 8. h3
Nb6 9. Bb3 Bc5 10. O-O Qg6 11. Qh4 O-O 12. Nf3 Nd7 13. Nbd2 Kh8 14. Nc4 f6 15.
Bxh6 gxh6 16. Ne3 Bxe3 17. fxe3 Nc5 18. Nd2 Nxb3 19. axb3 Qg5 20. Qxg5 hxg5 21.
Nc4 Kg7 22. Nb6 Rb8 23. Rxa7 Be6 24. Rd1 Rf7 25. Rd6 Re7 26. Na4 Bf7 27. Nc5 h5
28. Kf2 Bg6 29. g3 g4 30. h4 Be8 31. b4 Kf7 32. Ra3 b6 33. Nb3 Rc7 34. Nd2 Ke7
35. Rdd3 Bg6 36. Ke2 Ke6 37. Ra1 Ke7 38. Rda3 Rd7 39. Ra7 Rbd8 40. Rxd7+ Rxd7
41. Ra6 Rb7 42. Kd3 Bf7 43. b3 Be8 44. Nc4 Rd7+ 45. Ke2 b5 46. Nb6 Rd8 47. Ra7+
Ke6 48. Na8 Bg6 49. c4 Bxe4 50. Nc7+ Kf5 51. Na6 Bf3+ 52. Ke1 Rd3 53. Kf2 Rd2+
54. Kf1 Ke4 55. Nc5+ Kxe3 56. Ra1 Rf2+ 57. Kg1 Rg2+ 58. Kf1 Rb2 59. Re1+ Kd4
60. cxb5 cxb5 61. Ne6+ Kc3 62. Ng7 Kd2 0-1

[Event "XXX Memorial Edoardo Crespi A"]
[Site "Milano ITA"]
[Date "2009.12.10"]
[Round "7"]
[White "Quaranta, Cristiano"]
[Black "Feuerstack, Aljoscha"]
[Result "0-1"]
[WhiteElo "2134"]
[BlackElo "2373"]
[PlyCount "104"]
[EventDate "2009.12.05"]

1. d4 e6 2. c4 f5 3. Nf3 d5 4. e3 c6 5. Bd3 Nf6 6. O-O Bd6 7. b3 Qe7 8. Bb2 O-O
9. Qc1 b6 10. Ba3 Bb7 11. Bxd6 Qxd6 12. Nc3 Ne4 13. Ne5 Nd7 14. Nxd7 Qxd7 15.
f3 Nf6 16. b4 Ba6 17. Ne2 Rfc8 18. Rd1 dxc4 19. Bxc4 Bxc4 20. Qxc4 Nd5 21. Qb3
Qe7 22. a3 c5 23. dxc5 bxc5 24. bxc5 Rab8 25. Qd3 Qxc5 26. Nd4 Rb2 27. Rd2 Rcb8
28. Rad1 Rxd2 29. Rxd2 Qc1+ 30. Rd1 Qxe3+ 31. Qxe3 Nxe3 32. Re1 e5 33. Nc6 Rb3
34. Nxe5 Rxa3 35. Rc1 g5 36. Rc8+ Kg7 37. Rc7+ Kf6 38. Nd7+ Ke7 39. Nb8+ Kd6
40. Rd7+ Ke6 41. Rxh7 a5 42. Rg7 Kf6 43. Ra7 Ra2 44. Ra6+ Kg7 45. Ra7+ Kh6 46.
Ra6+ Kh5 47. g3 Rg2+ 48. Kh1 Rb2 49. h4 Rxb8 50. Rxa5 Rb1+ 51. Kh2 Rb2+ 52. Kh3
Ng4 0-1

[Event "XXX Memorial Edoardo Crespi A"]
[Site "Milano ITA"]
[Date "2009.12.10"]
[Round "7"]
[White "Radice, Luca"]
[Black "Astengo, Marcello"]
[Result "1-0"]
[WhiteElo "2088"]
[BlackElo "2147"]
[PlyCount "73"]
[EventDate "2009.12.05"]

1. e4 e6 2. d4 d5 3. Bd3 c5 4. c3 dxe4 5. Bxe4 Nf6 6. Bd3 Be7 7. Nf3 O-O 8. O-O
Nbd7 9. Nbd2 b6 10. Re1 Bb7 11. a3 Qc7 12. Nc4 Rad8 13. Qe2 cxd4 14. cxd4 Ng4
15. h3 Ngf6 16. Nce5 Qb8 17. Ng5 Qd6 18. Rd1 Bd5 19. Bf4 Qb8 20. Ng6 Bd6 21.
Bxd6 Qxd6 22. Nxf8 Nxf8 23. Ne4 Nxe4 24. Bxe4 Bb3 25. Bc2 Bd5 26. Rac1 Nd7 27.
Qd3 Nf6 28. Bb1 g6 29. Qc3 Rd7 30. Qe3 Nh5 31. Be4 f6 32. Bxd5 Qxd5 33. Qh6 Qb7
34. Rc3 e5 35. Rdc1 Nf4 36. Rc8+ Kf7 37. R1c6 1-0

[Event "XXX Memorial Edoardo Crespi A"]
[Site "Milano ITA"]
[Date "2009.12.10"]
[Round "7"]
[White "Ranfagni, Stefano"]
[Black "Bozzali, Ermanno"]
[Result "0-1"]
[WhiteElo "2014"]
[BlackElo "2124"]
[PlyCount "100"]
[EventDate "2009.12.05"]

1. Nf3 Nf6 2. g3 b6 3. Bg2 Bb7 4. O-O e6 5. d4 c5 6. c3 Be7 7. Re1 O-O 8. Bg5
d5 9. Nbd2 Nc6 10. Ne5 Nxe5 11. dxe5 Nd7 12. Bxe7 Qxe7 13. f4 Rad8 14. Qc2 b5
15. a4 b4 16. Nc4 dxc4 17. Bxb7 Nxe5 18. Be4 f5 19. fxe5 fxe4 20. Qxe4 Rd2 21.
cxb4 cxb4 22. Qxc4 Rxb2 23. a5 h6 24. Reb1 Rxb1+ 25. Rxb1 Rb8 26. Rb3 Kh8 27.
Qd4 Qb7 28. Qd6 Qb5 29. Kf2 Kh7 30. h4 a6 31. Qd3+ Qxd3 32. exd3 Kg6 33. d4 Kf5
34. Kf3 h5 35. Ke3 Rb5 36. Kf3 Rxa5 37. Rxb4 Ra3+ 38. Kf2 Ra2+ 39. Ke3 Ra3+ 40.
Kf2 a5 41. Rb7 Ke4 42. Rxg7 Ra2+ 43. Ke1 a4 44. g4 a3 45. Kd1 Rg2 46. Ra7 a2
47. Kc1 hxg4 48. h5 Rh2 49. h6 g3 50. h7 g2 0-1

[Event "XXX Memorial Edoardo Crespi A"]
[Site "Milano ITA"]
[Date "2009.12.10"]
[Round "7"]
[White "Rettore, Ludwig"]
[Black "Bonanno, Alessandro"]
[Result "1/2-1/2"]
[WhiteElo "2197"]
[BlackElo "2135"]
[PlyCount "45"]
[EventDate "2009.12.05"]

1. e4 c5 2. Nf3 Nc6 3. d4 cxd4 4. Nxd4 Nf6 5. Nc3 e5 6. Ndb5 d6 7. Bg5 a6 8.
Na3 b5 9. Nd5 Be7 10. Bxf6 Bxf6 11. c4 b4 12. Nc2 a5 13. g3 O-O 14. h4 Ne7 15.
Nce3 Nxd5 16. Nxd5 Be6 17. Bg2 Rc8 18. b3 Bxd5 19. Qxd5 Rc5 20. Qd1 Be7 21. O-O
Qb6 22. a4 bxa3 23. Rxa3 1/2-1/2

[Event "XXX Memorial Edoardo Crespi A"]
[Site "Milano ITA"]
[Date "2009.12.10"]
[Round "7"]
[White "Robertsen, Thomas"]
[Black "Codenotti, Marco"]
[Result "0-1"]
[WhiteElo "2273"]
[BlackElo "2118"]
[PlyCount "84"]
[EventDate "2009.12.05"]

1. e4 c5 2. Nf3 d6 3. d4 Nf6 4. Nc3 cxd4 5. Nxd4 a6 6. Bg5 e6 7. f4 Nbd7 8. Bc4
Qc7 9. Qe2 Nc5 10. Bxf6 gxf6 11. a4 Qb6 12. O-O Nxa4 13. Rxa4 Qxd4+ 14. Kh1 Bd7
15. Bb5 Bxb5 16. Qxb5+ axb5 17. Rxd4 Rc8 18. Rf2 d5 19. Re2 b4 20. Nd1 Bc5 21.
Rd3 dxe4 22. Rxe4 f5 23. Re2 Ke7 24. Ne3 Bxe3 25. Rdxe3 Rc4 26. g3 Rhc8 27. Rb3
R8c7 28. Kg1 h5 29. h4 Kd8 30. Rd3+ Kc8 31. Rdd2 Rd7 32. Rxd7 Kxd7 33. Rd2+ Kc6
34. Kf2 Kc5 35. Kf3 Rd4 36. Re2 Kc4 37. Re3 Rd2 38. b3+ Kd4 39. Re5 Rxc2 40.
Rb5 Kc3 41. Rxb7 Kxb3 42. Rxf7 Kb2 0-1